| 000 | 00774nam a2200229 a 4500 | ||
|---|---|---|---|
| 001 | 8205 | ||
| 003 | BD-RjUL | ||
| 005 | 20211208234537.0 | ||
| 008 | 180114s1951 enka 000 0 eng d | ||
| 035 |
_aOCLC ocm01634836 from D970908M _a(BD-RjUL)8250 |
||
| 040 |
_aDZM _cDZM _dUKM _dEQO _dBD-RjUL _beng |
||
| 041 | _aeng | ||
| 082 | 0 | 4 |
_218 _a520 _bHOO 1951 |
| 100 | 1 |
_aHood, Peter, _d1905- _925550 |
|
| 245 | 1 | 0 |
_aObserving the heavens / _cPeter Hood. |
| 260 |
_aLondon : _bOxford University Press, Geoffrey Cumberledge, _c1951. |
||
| 300 |
_a64 p. : _bfront., ill. (some col.) ; _c24 cm. |
||
| 490 | 1 | _aOxford visual series | |
| 500 | _aImprint on t.p.: "Oxford University Press, London: Geoffrey Cumberledge, 1951". | ||
| 830 | 0 |
_aOxford visual series _925551 |
|
| 942 |
_2ddc _cBK |
||
| 999 |
_c8205 _d8205 |
||